00402nam a2200145Ia 4500008004100000082002000041245008400061250000900145260002700154650001300181650001900194650001300213650000900226700002100235220204s9999 xx 000 0 und d a576.3:61bCOW.1 0aSpecial cytology: The form and functions of the cell in health and disease. V 1 aEd.2 aNew YorkbHafnerc1963 aCytology aLiver cytology aPancreas aSkin aCOWDRY, Edmund V